Údaje o sociální statistice v Rakousku.

Informácia o publikácii Údaje sociálnej štatistiky vydanej v Rakúsku. Prehľad obsahu jednotlivých kapitol. Spôsob zostavenia práce a zhodnotenie metód používaných v rakúskej štatistike.

Saved in:
Bibliographic Details
Main Author: Vereš, Peter
Format: Book Chapter
Language:Czech
Subjects:
Tags: Add Tag
No Tags, Be the first to tag this record!

MARC

LEADER 00000naa a2200000 4500
001 r002704
005 20220520105353.0
041 0 |a cze 
044 |a CZ 
245 1 0 |a Údaje o sociální statistice v Rakousku.  |c Peter Vereš 
520 |a Informácia o publikácii Údaje sociálnej štatistiky vydanej v Rakúsku. Prehľad obsahu jednotlivých kapitol. Spôsob zostavenia práce a zhodnotenie metód používaných v rakúskej štatistike. 
610 2 0 |a štatistika sociálna 
610 2 0 |a Rakúsko 
610 2 0 |a metódy štatistické 
610 2 0 |a údaje štatistické 
100 1 |a Vereš, Peter